|
|
|
|
| LEADER |
00000nla2a2200000 4500 |
| 001 |
656985 |
| 005 |
20240221113942.0 |
| 035 |
|
|
|a (RuTPU)RU\TPU\network\23465
|
| 035 |
|
|
|a RU\TPU\network\23464
|
| 090 |
|
|
|a 656985
|
| 100 |
|
|
|a 20171222d2017 k y0rusy50 ca
|
| 101 |
0 |
|
|a rus
|
| 102 |
|
|
|a RU
|
| 105 |
|
|
|a a z 101zy
|
| 135 |
|
|
|a drgn ---uucaa
|
| 181 |
|
0 |
|a i
|
| 182 |
|
0 |
|a b
|
| 200 |
1 |
|
|a Ключевые особенности деформации и разрушения поверхностных слоёв металлокерамического композита NiCr-TiC, модифицированных электронно-пучковым облучением
|f И. С. Коноваленко
|
| 203 |
|
|
|a Текст
|c электронный
|
| 225 |
1 |
|
|a Проблемы компьютерного конструирования материалов с иерархической структурой
|
| 300 |
|
|
|a Заглавие с экрана
|
| 463 |
|
1 |
|0 (RuTPU)RU\TPU\network\23304
|t Перспективные материалы с иерархической структурой для новых технологий и надежных конструкций
|o тезисы докладов Международной конференции, 9-13 октября 2017 г., Томск
|f Российская академия наук (РАН), Сибирское отделение (СО), Институт физики прочности и материаловедения (ИФПМ)
|v [С. 242-243]
|d 2017
|
| 610 |
1 |
|
|a электронный ресурс
|
| 610 |
1 |
|
|a труды учёных ТПУ
|
| 610 |
1 |
|
|a деформации
|
| 610 |
1 |
|
|a разрушения
|
| 610 |
1 |
|
|a поверхностные слои
|
| 610 |
1 |
|
|a металлокерамические композиты
|
| 610 |
1 |
|
|a электронно-пучковое облучение
|
| 610 |
1 |
|
|a композиционные материалы
|
| 610 |
1 |
|
|a многослойные структуры
|
| 610 |
1 |
|
|a включения
|
| 610 |
1 |
|
|a прочностные характеристики
|
| 610 |
1 |
|
|a деформационные характеристики
|
| 700 |
|
1 |
|a Коноваленко
|b И. С.
|c физик
|c доцент Томского политехнического университета, кандидат физико-математических наук
|f 1980-
|g Игорь Сергеевич
|3 (RuTPU)RU\TPU\pers\35774
|9 18931
|
| 712 |
0 |
2 |
|a Национальный исследовательский Томский политехнический университет (ТПУ)
|b Институт физики высоких технологий (ИФВТ)
|b Кафедра теоретической и прикладной механики (ТПМ)
|3 (RuTPU)RU\TPU\col\18695
|
| 801 |
|
1 |
|a RU
|b 63413507
|c 20101016
|
| 801 |
|
2 |
|a RU
|b 63413507
|c 20171222
|g RCR
|
| 856 |
4 |
|
|u http://www.ispms.ru/files/Conference/2017_m/sb_tez_2017.pdf#page=242
|
| 942 |
|
|
|c CF
|